Statystyki dla Najbardziej wartościowy piłkarz danego kraju

Kliknij tutaj aby rozwiązać quiz!

Ogólne statystyki

  • Ten quiz został rozwiązany 586 razy
  • Średni wynik to 6 z 15

Statystyki odpowiedzi

KrajNazwisko% Poprawnych
BrazyliaNeymar
98%
FrancjaKylian Mbappe
95%
BelgiaKevin De Bruyne
85%
ArgentynaLeo Messi
76%
AngliaRaheem Sterling
62%
PortugaliaBernardo Silva/Joao Felix
51%
HolandiaVirgil van Dijk
39%
NiemcyLeroy Sane
26%
UrugwajJose Gimenez
24%
HiszpaniaSaul
13%
KolumbiaDavinson Sanchez
8%
ChorwacjaMarcelo Brozović
8%
MeksykRaul Jimenez
6%
WłochyMarco Verratti
5%
SzwajcariaDenis Zakaria
4%

Rozkład punktacji

Percentyl według liczby udzielonych odpowiedzi

Procent ludzi z każdym wynikiem

Twoja historia wyników

Nie rozwiązałeś tego quizu